El fondo de reserva, la limitación del decreto 1022/2017 y su discordancia con la resolución (SSS) 396/2020 (Registro nro. 29995)

Detalles MARC
000 -LEADER
fixed length control field 00389 a2200109 4500
001 - CONTROL NUMBER
control field ART_55377
005 - DATE AND TIME OF LATEST TRANSACTION
control field 20260410161947.0
008 - FIXED-LENGTH DATA ELEMENTS--GENERAL INFORMATION
fixed length control field 260409a
100 1# - MAIN ENTRY--PERSONAL NAME
Personal name Favier, Daniela
245 10 - TITLE STATEMENT
Title El fondo de reserva, la limitación del decreto 1022/2017 y su discordancia con la resolución (SSS) 396/2020
773 0# - HOST ITEM ENTRY
Title Temas de derecho laboral
Related parts - N° 3 (mar. 2022)
Record control number REV27619

No hay ítems disponibles.